The vixens. A novel. (Record no. 24)

MARC details
000 -LEADER
fixed length control field 00391nam a22001695 4500
001 - CONTROL NUMBER
control field 964758
008 - FIXED-LENGTH DATA ELEMENTS--GENERAL INFORMATION
fixed length control field 981015s1948 enk 000 eng d
035 ## - SYSTEM CONTROL NUMBER
System control number CAT1-0666609A
040 ## - CATALOGING SOURCE
Original cataloging agency NLS
100 1# - MAIN ENTRY--PERSONAL NAME
Personal name Yerby, Frank Garvin.
9 (RLIN) 235
245 14 - TITLE STATEMENT
Title The vixens. A novel.
260 ## - PUBLICATION, DISTRIBUTION, ETC.
Place of publication, distribution, etc. London,
Date of publication, distribution, etc. 1948.
300 ## - PHYSICAL DESCRIPTION
Extent 326 p. ;
Dimensions 8vo.
942 ## - ADDED ENTRY ELEMENTS (KOHA)
Source of classification or shelving scheme Dewey Decimal Classification
Koha item type Books
956 ## - LOCAL ELECTRONIC LOCATION AND ACCESS (OCLC)
Host name NLS
Holdings
Withdrawn status Lost status Damaged status Not for loan Collection Home library Current library Shelving location Date acquired Barcode Date last seen Price effective from Koha item type
        Reference Midway Midway General stacks 09/04/2014 39999000001051 09/04/2014 09/04/2014 Books